[Event "HUN-chT2 Breyer 1516"]
[Site "Hungary"]
[Date "2015.11.08"]
[Round "4.5"]
[White "Horvath, Csaba3333"]
[Black "Igler, Szilard"]
[Result "1-0"]
[WhiteElo "2196"]
[BlackElo "1923"]
[PlyCount "51"]
[EventDate "2015.09.13"]
[EventType "team-tourn"]
[EventRounds "11"]
[EventCountry "HUN"]
[SourceTitle "CBM 170 Extra"]
[Source "ChessBase"]
[SourceDate "2016.02.25"]
[SourceVersion "1"]
[SourceVersionDate "2016.02.25"]
[SourceQuality "1"]
[WhiteTeam "Sarkany DSE"]
[BlackTeam "Turul"]
[WhiteTeamCountry "HUN"]
[BlackTeamCountry "HUN"]

1. e4 c5 2. Nf3 a6 3. c4 e6 4. Nc3 Nc6 5. d4 cxd4 6. Nxd4 Qb6 7. Nb3 Nf6 8. Be3 Qc7 9. Be2 Bb4 10. f3 Qe5 11. 0-0 Bxc3 12. bxc3 Qxc3 13. Bc5 Qe5 14. f4 Qc7 15. Bd6 Qd8 16. Bd3 b5 17. c5 Na5 18. e5 Nd5 19. Nxa5 Qxa5 20. Qg4 g6 21. Be4 h5 22. Qh4 Qd8 23. Qg3 h4 24. Qxg6 h3 25. g3 Rf8 26. Qg7 1-0

[Event "HUN-chT2 Breyer 1314"]
[Site "Hungary"]
[Date "2014.03.02"]
[Round "6.4"]
[White "Huszar, Gabor"]
[Black "Igler, Szilard"]
[Result "1/2-1/2"]
[WhiteElo "1927"]
[BlackElo "1947"]
[PlyCount "66"]
[EventDate "2013.09.08"]
[EventType "team-tourn"]
[EventRounds "9"]
[EventCountry "HUN"]
[SourceTitle "EXT 2016"]
[Source "ChessBase"]
[SourceDate "2015.10.08"]
[SourceVersion "1"]
[SourceVersionDate "2015.10.08"]
[SourceQuality "1"]
[WhiteTeam "Pet"]
[BlackTeam "Tatabanya Turul"]
[WhiteTeamCountry "HUN"]
[BlackTeamCountry "HUN"]

1. d4 Nf6 2. Nf3 e6 3. Bf4 c5 4. c3 d5 5. e3 Nc6 6. Bd3 Bd6 7. Bxd6 Qxd6 8. Nbd2 0-0 9. 0-0 b6 10. Bb5 Nd7 11. Qa4 Bb7 12. e4 a6 13. Bd3 cxd4 14. cxd4 b5 15. Qd1 Qb4 16. Nb3 dxe4 17. Bxe4 Nf6 18. a3 Qe7 19. Bc2 Nb8 20. Nc5 Bd5 21. Bb3 Bxb3 22. Qxb3 Nbd7 23. Rac1 Nxc5 24. dxc5 Rfc8 25. Qc2 a5 26. b4 Nd5 27. Rb1 axb4 28. axb4 Ra4 29. Qd2 Rd8 30. Rfd1 Rda8 31. Rb2 Ra1 32. Rdb1 R8a2 33. Qc1 Rxb2 1/2-1/2

[Event "HUN-chT2 Breyer 1213"]
[Site "Hungary"]
[Date "2013.04.21"]
[Round "11.3"]
[White "Havasi, Gergo"]
[Black "Igler, Szilard"]
[Result "1-0"]
[WhiteElo "1993"]
[BlackElo "1959"]
[PlyCount "37"]
[EventDate "2012.09.16"]
[EventType "team-tourn"]
[EventRounds "11"]
[EventCountry "HUN"]
[SourceTitle "EXT 2014"]
[Source "ChessBase"]
[SourceDate "2013.11.20"]
[SourceVersion "1"]
[SourceVersionDate "2013.11.20"]
[SourceQuality "1"]
[WhiteTeam "MAV Elore"]
[BlackTeam "Turul"]
[WhiteTeamCountry "HUN"]
[BlackTeamCountry "HUN"]

1. e4 c5 2. Nf3 a6 3. c4 e6 4. Nc3 Nc6 5. d4 cxd4 6. Nxd4 Qb6 7. Nb3 Nf6 8. Be2 Bb4 9. Be3 Qc7 10. f3 Na5 11. Rc1 Nxc4 12. Bxc4 Qxc4 13. a3 Bxc3+ 14. Rxc3 Qb5 15. Qd6 b6 16. Bxb6 Nh5 17. Bc5 Kd8 18. Nd4 Qxb2 19. Nc6+ 1-0

[Event "HUN-chT2 Breyer 1112"]
[Site "Hungary"]
[Date "2012.03.11"]
[Round "7.4"]
[White "Finszter, Mate"]
[Black "Igler, Szilard"]
[Result "1-0"]
[WhiteElo "2071"]
[BlackElo "1969"]
[PlyCount "131"]
[EventDate "2011.09.25"]
[EventType "team-tourn"]
[EventRounds "11"]
[EventCountry "HUN"]
[SourceTitle "EXT 2013"]
[Source "ChessBase"]
[SourceDate "2012.11.22"]
[SourceVersion "1"]
[SourceVersionDate "2012.11.22"]
[SourceQuality "1"]
[WhiteTeam "Gyor Komszomol"]
[BlackTeam "Turul"]
[WhiteTeamCountry "HUN"]
[BlackTeamCountry "HUN"]

1. d4 Nf6 2. Bg5 Ne4 3. Bf4 d5 4. f3 Nf6 5. Nc3 Nh5 6. Bg5 h6 7. Bh4 c6 8. Qd2 b5 9. e3 a5 10. g4 Nf6 11. Bd3 a4 12. a3 Qb6 13. Nge2 e6 14. Bg3 Nbd7 15. Kf2 Ba6 16. Na2 c5 17. c3 c4 18. Bc2 Bb7 19. h4 Bd6 20. Bxd6 Qxd6 21. Ng3 0-0-0 22. g5 Ne8 23. Rag1 h5 24. Ke1 g6 25. Kd1 Ng7 26. Kc1 Rhe8 27. f4 Nf5 28. Qf2 Kb8 29. Nb4 Nb6 30. Re1 Nc8 31. e4 Nxg3 32. Qxg3 dxe4 33. Bxe4 Bxe4 34. Rxe4 Ne7 35. Rhe1 Nd5 36. Nxd5 Qxd5 37. Re5 Qb7 38. f5 Ka7 39. fxg6 fxg6 40. Qe3 Rd6 41. d5+ Qb6 42. dxe6 Re7 43. Kc2 Qxe3 44. R1xe3 Kb6 45. R3e4 Kc6 46. Re2 Kb6 47. Rf2 Kc6 48. Rf6 Rd5 49. Re4 Kd6 50. Rxg6 Re5 51. Rxe5 Kxe5 52. Rh6 Kf5 53. Rxh5 Rxe6 54. g6+ Kxg6 55. Rxb5 Re2+ 56. Kb1 Rh2 57. h5+ Rxh5 58. Rb4 Rc5 59. Rxa4 Kf6 60. Ra6+ Ke7 61. Rb6 Kd7 62. Ka2 Kc7 63. Rh6 Rb5 64. a4 Ra5 65. Ka3 Rf5 66. Rh4 1-0

[Event "HUN-chT2 Breyer 1011"]
[Site "Hungary"]
[Date "2010.09.12"]
[Round "1.7"]
[White "Dobos, Sandor"]
[Black "Igler, Szilard"]
[Result "1/2-1/2"]
[WhiteElo "2010"]
[BlackElo "1901"]
[PlyCount "64"]
[EventDate "2010.09.12"]
[EventType "team-tourn"]
[EventRounds "11"]
[EventCountry "HUN"]
[SourceTitle "EXT 2012"]
[Source "ChessBase"]
[SourceDate "2011.11.24"]
[SourceVersion "1"]
[SourceVersionDate "2011.11.24"]
[SourceQuality "1"]
[WhiteTeam "Vizugy"]
[BlackTeam "Turul"]
[WhiteTeamCountry "HUN"]
[BlackTeamCountry "HUN"]

1. d4 Nf6 2. Bf4 d5 3. Nf3 Bf5 4. e3 e6 5. c3 c5 6. Bxb8 Qxb8 7. Bb5+ Kd8 8. Ne5 Qc7 9. Bd3 Bxd3 10. Qxd3 Bd6 11. Nf3 Ke7 12. Nbd2 cxd4 13. exd4 Rac8 14. Qe2 Rhd8 15. 0-0 Kf8 16. Rfe1 Nd7 17. Nf1 a6 18. Qd3 Kg8 19. Re2 h6 20. Rae1 b5 21. a3 Qc4 22. Qd2 Qc7 23. Ne3 a5 24. Ng4 Bf4 25. Qd3 Qc4 26. Qxc4 bxc4 27. Nge5 Bxe5 28. Nxe5 Nxe5 29. dxe5 Rb8 30. Rd1 Rb3 31. f4 Rdb8 32. Rdd2 R3b6 1/2-1/2

[Event "HUN-chT2 Breyer 0910"]
[Site "Hungary"]
[Date "2010.02.28"]
[Round "7"]
[White "Igler, Szilard"]
[Black "Molnar, Laszlo"]
[Result "1/2-1/2"]
[WhiteElo "1777"]
[BlackElo "2247"]
[PlyCount "65"]
[EventDate "2009.11.08"]
[EventType "team-tourn"]
[EventRounds "11"]
[EventCountry "HUN"]
[SourceTitle "EXT 2011"]
[Source "ChessBase"]
[SourceDate "2010.11.26"]
[SourceVersion "1"]
[SourceVersionDate "2010.11.26"]
[SourceQuality "1"]
[WhiteTeam "Turul"]
[BlackTeam "Geniusz Tata"]
[WhiteTeamCountry "HUN"]
[BlackTeamCountry "HUN"]

1. e4 Nf6 2. Nc3 d5 3. exd5 Nxd5 4. Qf3 c6 5. Nxd5 cxd5 6. d4 g6 7. c3 Bg7 8. Bf4 0-0 9. Bd3 Nc6 10. Qe3 e5 11. dxe5 Nxe5 12. Ne2 Re8 13. Qg3 Nxd3+ 14. Qxd3 Bg4 15. f3 Bf5 16. Qd2 d4 17. 0-0 dxc3 18. Nxc3 Qb6+ 19. Kh1 Rad8 20. Qc1 h5 21. Bd2 h4 22. Bg5 Bf6 23. Bxf6 Qxf6 24. Re1 h3 25. Rxe8+ Rxe8 26. Qf4 hxg2+ 27. Kxg2 Qb6 28. Qd2 Rd8 29. Qe2 Bd3 30. Qf2 Qa5 31. Rd1 Bf5 32. Rxd8+ Qxd8 33. Qe3 1/2-1/2

[Event "HUN-chT2 Breyer 0910"]
[Site "Hungary"]
[Date "2010.02.14"]
[Round "6"]
[White "Igler, Szilard"]
[Black "Tessedik, Karoly"]
[Result "0-1"]
[WhiteElo "1777"]
[BlackElo "2025"]
[PlyCount "96"]
[EventDate "2009.11.08"]
[EventType "team-tourn"]
[EventRounds "11"]
[EventCountry "HUN"]
[SourceTitle "EXT 2011"]
[Source "ChessBase"]
[SourceDate "2010.11.26"]
[SourceVersion "1"]
[SourceVersionDate "2010.11.26"]
[SourceQuality "1"]
[WhiteTeam "Turul"]
[BlackTeam "Zsambek"]
[WhiteTeamCountry "HUN"]
[BlackTeamCountry "HUN"]

1. e4 g6 2. d4 Bg7 3. Nc3 d6 4. Be3 Nf6 5. Qd2 h6 6. f3 a6 7. Bd3 b5 8. a3 Bb7 9. Nge2 Nc6 10. Na2 e5 11. d5 Ne7 12. b3 Nd7 13. c4 bxc4 14. bxc4 f5 15. Rb1 Bc8 16. Qc2 f4 17. Bf2 0-0 18. c5 g5 19. h3 h5 20. Kd2 Nxc5 21. Bxc5 dxc5 22. Qxc5 Rf6 23. Nec3 c6 24. Nb4 cxd5 25. Ncxd5 Nxd5 26. Nxd5 Rd6 27. Ke2 Be6 28. Bc4 Rc8 29. Ne7+ Kh7 30. Nxc8 Rd2+ 31. Ke1 Bxc4 32. Qxc4 Rxg2 33. Rd1 Qa5+ 34. Qb4 Qc7 35. Kf1 Qc2 36. Qe1 Bf8 37. Rc1 Qb2 38. Nb6 Rg3 39. Rc7+ Kg8 40. Qf2 Qb5+ 41. Ke1 Qb1+ 42. Kd2 Qxh1 43. Nd5 Bb4+ 44. Nxb4 Rg2 45. Nd3 Rxf2+ 46. Nxf2 Qxf3 47. Ke1 Qxa3 48. Rc6 Qb4+ 0-1